000 00766nam a2200217Ia 4500
005 20241129111414.0
008 241129s9999||||xx |||||||||||||| ||und||
020 _a978-93-82554-25-7
037 _aTB
040 _aCRL
_bhin
_cCRL
041 _ahin
_2hin
084 _aO152,6:g R0
_qCRL
100 _aप्रखर, आलोक, ले.
245 0 _aडॉ. कृष्ण बिहारी मिश्र के निबंधों में लोक जीवन
_cप्रखर, आलोक, ले.
260 _aदिल्ली, भारत
_bअद्वैत प्रकाशन
_c2020
300 _a168पृ0
365 _aINR
_b350
650 _aHindi Prose
942 _cTB
_hO152,6:g R0
999 _c1230318
_d1230318